000 01307nam a2200361Ia 4500
001 Z_6937
003 CHAP
005 20230228181828.0
008 220113s2016 xx 000 0 und d
010 _a168968
040 _cCHAP
090 _aTesis M37 2541
100 _aMartínez Martínez, Uriel
_9130810
245 _aRespuesta a la sustitución parcial de vitamina E por procianidinas de la semilla de la uva en el pollo de engorda /
_cUriel Martínez Martínez
260 _aMéxico :
_bEl autor,
_c2016
300 _a120 p.
502 _aTesis (Ingeniero Agrónomo Especialista en Zootecnia) -- UACh, 2016 \ Dirección: Arturo Pro Martínez; asesoría: Leodan Tadeo Rodríguez Ortega y Eliseo Sosa Montes
650 _aAvicultura
_98703
650 _aHabilidad para caminar
_9143301
650 _aPollo de engorda
_9143271
650 _aProcianidinas
_9143302
650 _aTendón gastrocnemio
_9143303
650 _aTibia
_9143304
700 _a Rodríguez Ortega, Leodan Tadeo, asesor
_9143274
700 _a Sosa Montes, Eliseo, asesor
_9143193
700 _aPro Martínez, Arturo, director
_9137538
856 4 2 _uhttp://10.13.5.2/tesis/sist112486.pdf
_yDescargar PDF
901 _aTESIS M37 2541
902 _aM
910 _a2016
942 _c2
_2ddc
942 _c2
_2ddc
999 _c168968
_d168968